sportifs les mieux payés - Statistiques

Statistiques générales
  • Ce quiz a été pris 2 403 fois
  • Le résultat moyen est 5 sur 10
Statistiques - réponses
sports et salaire par an noms % Correct
Football, Al Nassr (136 millions $) Cristiano Ronaldo
99%
Football, Paris Saint-Germain (120 millions $) Kylian Mbappé
99%
Football, Paris Saint-Germain (130 millions $) Lionel Messi
93%
Basketball, Los Angeles Lakers (119,5 millions $) LeBron James
85%
Basketball, Golden State Warriors ( 100,4 millions $) Stephen Curry
58%
tennisman suisse ( 95,1 millions $) roger federer
50%
Basketball, Phoenix Suns (89,1 millions $) Kevin Durant
33%
Boxe anglaise ( 110 millions $) Canelo Álvarez
5%
golf ( 110 millions $) Dustin Johnson
1%
golf (106 millions $) Phil Mickelson
1%
Aucun quiz correspondant
Distribution des résultats
% des personnes avec chaque résultat
Percentile par nombre de réponses
Votre historique - résultats
Vous n’avez pas pris ce quiz